Responses for Show #3567 - Tuesday, February 22, 2000

Jeremy Bate game 3.

Contestants

[<< previous game]

John Boyle, an operations consultant from Westfield, New Jersey

Laura Schaefer, a Ph.D. student in mechanical engineering from Atlanta, Georgia

Jeremy Bate, a writer from Los Angeles, California (whose 2-day cash winnings total $22,200)

[next game >>]

Jeopardy! Round responses

AFRICAN CREATURES
THE FILM VAULT
WILD WOMEN IN HISTORY
MAJOR CITIES' AIRPORTS
(Alex: We want you to name the city.)
CELEBS
"K" MART
    $100 23
Tsetse fly

Jeremy
    $100 6
The Sound of Music

Laura
    $100 3
Denver

Jeremy
    $100 12
London

Jeremy
    $100 11
George Lucas

John
    $100 17
Keg

Jeremy
    $200 24
Snakes

Jeremy
    $200 5
(Jeremy: What is the Hunchback of Notre Dame?)

Frankenstein

JeremyLaura
    $200 7
(L: Who is Malone?)

Bugsy Siegel

JeremyLaura
    $200 19
Tokyo

Laura
    $200 13
Stephen King

Jeremy
    $200 18
Keel

John
    $300 25
(we have a minute to go...)

Monkey

Jeremy
    $300 4
High Noon

John
    $300 8
(L: Who is Whatley?)

Belle Starr

JeremyLaura
    $300 20
Boston

John
    $1,000 14
Clint Eastwood

Jeremy
    $300 28
Krakatoa

Jeremy
    $400 26
Bird

Triple Stumper
    $400 2
Ants

Laura
    $400 9
Carrie Nation

Jeremy
    $400 21
Venice

Triple Stumper
    $400 15
Dolly Parton

Jeremy
    $400 29
Kicker

John
    $500 27
Rhinoceros

Jeremy
    $500 1
Chariots of Fire

Jeremy
    $500 10
Doc Holliday

Jeremy
    $500 22
Toronto

John
    $500 16
Queen Latifah

Jeremy
    $500 30
(John: What is a kafir?)

a kaffiyeh

John
Triple Stumper

Scores at the first commercial break (after clue 14):

Jeremy Laura John
$3,100 $200 $400

Scores at the end of the Jeopardy! Round:

Jeremy Laura John
$5,500 $400 $1,300

Double Jeopardy! Round responses

SOUTH AMERICA
"J.P."
POSSESSIVE LIT
(Alex: Possessive literature.)
NOTABLES RHYME TIME
MAKING A PROPHET
WE KNEAD THE DOUGH
    $200 13
Quito

Jeremy
    $200 21
Joe Pesci

Jeremy
    $200 1
"Uncle Tom's Cabin"

Triple Stumper
    $200 6
Jacques' clocks

John
    $200 11
Japan

Jeremy
    $200 23
Sourdough bread

John
    $400 17
Incas

John
    $400 22
Jack Paar

Laura
    $400 2
"Gulliver's Travels"

Jeremy
    $400 7
Frank's banks

John
    $400 12
Mohammed

John
    $400 24
Danish

Laura
    $600 18
Condor

John
    $600 30
Judas Priest

John
    $600 3
"Rosemary's Baby"

Jeremy
    $600 8
Leif's briefs

Jeremy
    $600 14
19th century

Jeremy
    $1,000 25
(L: What is knead?)
(less than a minute to go...)

Slice it

Laura
    $800 19
Sugarloaf Mountain

John
    $800 29
Joan Plowright

Triple Stumper
    $1,500 4
"Finnegan's Wake"

Jeremy
    $800 9
Walt's malts

Laura
    $800 15
Bahai Faith

Jeremy
    $800 27
(John: What is France?)

Switzerland

LauraJohn
    $1000 20
Atacama

John
    $1000 28
Joseph Papp

Jeremy
    $1000 5
"Tom Brown's Schooldays"

Jeremy
    $1000 10
Marc's barks

Laura
    $1000 16
(L: Who is Nebuchadnezzar?)
(Jeremy: Who is Herod?)

Belshazzar

JeremyLaura
Triple Stumper
    $1000 26
Egyptians

John

Scores at the end of the Double Jeopardy! Round:

Jeremy Laura John
$11,600 $1,800 $6,100

[wagering suggestions for these scores]

Final Jeopardy! Round responses

U.S. SENATORS
(Alex: [*] of Nebraska; Vietnam War; lost a leg.)
LauraWho is John McCain?
$200
JohnWho is John McCain?
$6,099
JeremyWho is Ventura?
$700
Robert Kerrey

Final scores:

Jeremy Laura John
$10,900 $1,600 $1
3-day champion: $33,100 2nd place: Sanyo Blimp Trip in U.S. 3rd place: Viewsonic VP150 Computer Monitor

Game dynamics:

Coryat scores:

Jeremy Laura John
$10,200 $2,800 $6,100
28 R
(including 2 DDs),
2 W
9 R,
4 W
(including 1 DD)
16 R,
2 W

Combined Coryat: $19,100

[game clues] [game scores] [suggest correction]

Game tape date: 1999-11-30
The J! Archive is created by fans, for fans. Scraping, republication, monetization, and malicious use prohibited; this site may use cookies and collect identifying information. See terms. The Jeopardy! game show and all elements thereof, including but not limited to copyright and trademark thereto, are the property of Jeopardy Productions, Inc. and are protected under law. This website is not affiliated with, sponsored by, or operated by Jeopardy Productions, Inc. Join the discussion at JBoard.tv.